| 000 | 00364nam a2200133Ia 4500 | ||
|---|---|---|---|
| 008 | 220216s9999 xx 000 0 und d | ||
| 245 | 0 | _aReport of the task force on plantation sector. Chapter VII | |
| 260 |
_bPlanters Chronicle _c2007 |
||
| 300 | _a26-38 | ||
| 650 | _aCrop insurance | ||
| 650 | _aPlantation sector | ||
| 650 | _aTask force report | ||
| 942 | _cJS | ||
| 999 |
_c66760 _d66760 |
||